000 00544nam a2200193Ia 4500
005 20230623100554.0
008 131103s9999 xx 000 0 und d
020 _a035231700 0
040 _aLoreto College
041 _aEnglish
082 _aF
_bAND
100 _aAnderson,James
245 _aMurder she wrote 2
_bHooray For Homioide
_cJames Anderson
260 _aLondon
_bA Star Book published by the Paperback Division of W.H.Allen & Co.
_c1985
300 _a190 p.
650 _aFiction in English
850 _aLCLIB
942 _cBK
999 _c16101
_d66580